00782nam a22002297a 450000500170000001000130001702000100003003700160004004000120005608200170006810000220008524500830010726000400019027000450023030000200027565000280029565000240032370000210034794200260036899900190039495201390041320170124105931.0 aA-835000 c00.00 bCen Lib/Ret aDPLbEN a320.954bDAY aDayal, John98259 aDelhi under emergency :cby John Dayal [and] Ajoy Bosebfor reasons of state / aNew Delhi bOrient Paperbacksc1977 a36 C, Connaught PlacebNew Delhie110032 a217p.c17cm(Hb) aPolitical science98260 aDelhi (India)98261 aBose, Ajoy98262 2ddccENh320.954mDAY c123849d123849 00104070aLbLd2015-06-12eCen Lib/Retg0.00l1m2o320.954 DAYpA-835000r2020-02-17 00:00:00s2020-01-04t1v0.00w2015-06-12yEN